000
00376nam a2200145Ia 4500
008
100122s9999 xx 000 0 und d
082
_b
13459
_a
823
100
_a
शहाणे मनोहर
245
_a
झाकोळ
260
_b
मौज प्रकाशन
_c
1965
300
_a
164
630
_a
झाकोळ
730
_a
झाकोळ
942
_c
BOOK
999
_c
404280
_d
404277